000 00386nam a2200157 i 4500
001 68024
003 ES-MaACL
005 20230906170205.0
007 t|
008 040217s1926 sp ||||1| spa d
100 1 _aGanga, Ginés.
_953850
245 1 0 _aOciosidades /
_cG. Ganga.
260 _aMadrid :
_bEspasa-Calpe,
_c1926.
300 _a290 p. ;
_c19 cm.
852 _aES-MaACL
_jF-190
999 _c68024
_d68024